000 00559nam a22001457a 4500
020 _a9780957295261
082 _a823
_bTEM/A
100 _aTEMPLE, LUKE
245 _aALBERT AND THE GIANT SQUID
260 _aBRITAIN
_bGULL ROCK PUBLICATIONS
_c2015
300 _a85
520 _aErnie is captured by a group of pirates hiding on the ship. In the sea below lurks a gigantic squid, which is very angry because the pirates stole something from it. Can Albert and Elody help the giant squid and save Ernie from the pirates?
650 _aSHORT STORY
942 _cBK
999 _c6494
_d6494